Name a Valid - Flag - Statistics

General Stats
  • This quiz has been taken 515 times
  • The average score is 13 of 16
Answer Stats
Name a valid... Answer % Correct
Flag with a star USA | Australia | New Zealand | China | Vietnam | Myanmar | Cameroon | Burkina Faso | Kosovo | Israel | Papua New Guinea | D.R. Congo | Turkey | Tunisia | Algeria | Pakistan | Mauritania | Azerbaijan | Comoros | Libya | Malaysia | Uzbekistan | Singapore | Turkmenistan | South Sudan | Syria | Jordan | Tajikstan | St. Kitts and Nevis | Bosnia & Herzegovina | East Timor | Zimbabwe | Sao Tome & Principe | Mozambique | Djibouti | Cuba | Panama | Chile | Liberia | Taiwan | Samoa | North Korea | Cape Verde | Honduras | Somalia | F.S. of Micronesia | Angola | Burundi | Togo | Guinea-Bissau | Senegal | Ghana | Suriname | Grenada | Dominica | Morocco | Solomon Islands | Tuvalu | Central African Republic | Venezuela | Brazil | Ethiopia
100%
Flag with orange, white, and green Ireland | Ivory Coast | India | Niger
94%
Flag with the Union Jack United Kingdom | New Zealand | Australia | Fiji | Tuvalu
94%
Flag with over 90% red Tunisia | Turkey | Vietnam | China | Morocco | Kyrgyzstan
90%
Flag that is not a rectangle Switzerland | Nepal | Vatican City
88%
Flag with only blue and yellow Kazakhstan | Sweden | Palau | Ukraine
86%
Flag containing a tree Lebanon | Belize | Equatorial Guinea | Fiji
85%
Flag containing the country's shape Cyprus | Kosovo
82%
Flag with an eagle Albania | Egypt | Kazakhstan | Moldova | Montenegro | Mexico | Serbia | Zambia | Zimbabwe
80%
Flag within the flag of Norway Indonesia | Poland | Thailand | Finland | France | Netherlands
80%
Flag with the Southern Cross (constellation Crux) Australia | New Zealand | Papua New Guinea | Samoa | Brazil
76%
Flag with a weapon on it Oman | Saudi Arabia | Mozambique | Belize | Haiti | Angola | Sri Lanka | Guatemala
75%
Flag with blue, yellow, red vertically Romania | Chad | Moldova | Andorra
75%
Flag with a crown Spain | Fiji | Croatia | Montenegro | Vatican City | San Marino | Tajikistan | Liechtenstein | Serbia
68%
Flag with an off-centered circle Portugal | Bangladesh | North Korea | Palau
65%
Flag with a sun coming over the horizon Malawi | Kiribati | Antigua and Barbuda
57%
No matching quizzes found
Score Distribution
Percent of People with Each Score
Percentile by Number Answered
Your Score History
You have not taken this quiz